Вып. 32; Квантовая электроника

書目詳細資料
Parent link:Квантовая электроника: республиканский межведомственный сборник научных трудов/ Академия наук Украинской ССР (АН УССР), Институт полупроводников (ИП); отв. ред. М. П. Лисица. Вып. 32.— , 1966-1991
語言:俄语
出版: 1987
主題:
格式: 圖書
KOHA link:https://koha.lib.tpu.ru/cgi-bin/koha/opac-detail.pl?biblionumber=273308

MARC

LEADER 00000nam2a2200000 4500
001 273308
005 20231101234622.0
035 |a (RuTPU)RU\TPU\book\296517 
090 |a 273308 
100 |a 20141024d1987 k y0rusy50 ca 
101 0 |a rus 
102 |a UA 
105 |a a z 001zy 
200 0 |a Вып. 32 
210 |d 1987 
215 |a 89 с.  |c ил. 
320 |a Библиография в конце статей 
461 1 |0 (RuTPU)RU\TPU\book\200052  |t Квантовая электроника  |o республиканский межведомственный сборник научных трудов  |f Академия наук Украинской ССР (АН УССР), Институт полупроводников (ИП); отв. ред. М. П. Лисица  |v Вып. 32  |d 1966-1991 
606 1 |a Квантовая электроника прикладная  |2 stltpush  |3 (RuTPU)RU\TPU\subj\14226  |9 40681 
610 1 |a многокаскадные лазеры 
610 1 |a лазеры на красителях 
610 1 |a генерационные характеристики 
610 1 |a тонкопленочные системы 
610 1 |a синтез 
610 1 |a оптимизация 
610 1 |a кубические кристаллы 
610 1 |a туннельные центры 
610 1 |a поляризационная спектроскопия 
610 1 |a резонатор Фабри-Перо 
610 1 |a оптическая бистабильность 
610 1 |a тонкопленочные волноводы 
610 1 |a интегральная оптика 
675 |a 621.375.8  |v 3 
801 1 |a RU  |b 63413507  |c 20141024 
801 2 |a RU  |b 63413507  |c 20160219  |g RCR 
942 |c BK